Quizzes
Events
Quiz Creation
Community
Videos
Private Events
Remove Ads
Sign In
Join for FREE
Feedback
Dark Mode
Quiz Categories
Sports
Geography
Music
Movies
Television
Just For Fun
Miscellaneous
History
Literature
Language
Science
Gaming
Entertainment
Religion
Holiday
For Kids
Quiz Lab
Recent
Popular Today
Quiz Kudos Today
Editor Picks
Curator Picks
Quizzes by...
Day
Popularity
Type
Ratings
Length
Year
Community
Subscriptions
Recent Discussions
Orange Saloon
Badges
Playlists
Quests
Create
Leaderboards
Showdown
Live 5
Trivia Bingo
Activity
Puzzle Library
Sporcle Events
Private Events
Virtual Trivia
Globe League
Become a Host
Pub Owners
SporcleCon
Opinionation
Our Games
Videos
Blog
Mobile Apps
Partnerships
Remove Ads and Go Orange
Feedback
Sports
Athletes
MLB
NBA
NHL
NFL
Soccer
Sports Teams
WWE
NCAA
Football
Premier League
Basketball
Baseball
Hockey
Golf
Tennis
Cricket
Rugby
Auto Racing
Olympics
World Cup
Sports
Athletes
MLB
NBA
NHL
NFL
Soccer
Sports Teams
WWE
NCAA
Football
Premier League
Basketball
Baseball
Hockey
Golf
Tennis
Cricket
Rugby
Auto Racing
Olympics
World Cup
Random Quiz
Search Sporcle
×
Quiz Lab
Quiz Lab
Sports
NFL
Type in answers that appear in a list
Type in answers that appear in a list
Classic
Best Score? Go Orange.
NFL 1990's Rushing Yards Leaders Stats
Can you name the NFL 1990's Rushing Yards Leaders?
By
johnmadden
12m
100 Questions
5,009 Plays
5,009 Plays
5,009 Plays
Comments
Comments
Give Quiz Kudos
Give Quiz Kudos
-
- Ratings
hide this ad
Replay
Link that replays current quiz
Next Quiz
Link to next quiz in quiz playlist
You Got
0%
They Got
Avg Score
68%
Avg Friend Score
Upgrade to see
Score Distribution
Jump to the score distribution portion of the page
Score
0/100
Timer
12:00
0
Plays Today
Running Back
% Correct
Barry Sanders
98.9%
Barry Sanders
98.9%
Barry Sanders
98.9%
Barry Sanders
98.9%
Barry Sanders
98.9%
Barry Sanders
98.9%
Barry Sanders
98.9%
Barry Sanders
98.9%
Barry Sanders
98.9%
Emmitt Smith
98.9%
Emmitt Smith
98.9%
Emmitt Smith
98.9%
Emmitt Smith
98.9%
Emmitt Smith
98.9%
Emmitt Smith
98.9%
Emmitt Smith
98.9%
Emmitt Smith
98.9%
Robert Smith
98.6%
Terrell Davis
94.8%
Terrell Davis
94.8%
Terrell Davis
94.8%
Terrell Davis
94.8%
Stephen Davis
94.6%
Emmitt Davis
94.6%
Marshall Faulk
91.2%
Marshall Faulk
91.2%
Marshall Faulk
91.2%
Thurman Thomas
91.2%
Thurman Thomas
91.2%
Thurman Thomas
91.2%
Thurman Thomas
91.2%
Thurman Thomas
91.2%
Jerome Bettis
91%
Jerome Bettis
91%
Running Back
% Correct
Jerome Bettis
91%
Jerome Bettis
91%
Edgerrin James
90.4%
Curtis Martin
90.1%
Curtis Martin
90.1%
Curtis Martin
90.1%
Curtis Martin
90.1%
Curtis Martin
90.1%
Eddie George
87.3%
Eddie George
87.3%
Eddie George
87.3%
Eddie George
87.3%
Jamal Anderson
83.2%
Neal Anderson
83.1%
Fred Taylor
77.3%
Corey Dillon
74.3%
Corey Dillon
74.3%
Ricky Watters
73.4%
Ricky Watters
73.4%
Ricky Watters
73.4%
Ricky Watters
73.4%
Ricky Watters
73.4%
Garrison Hearst
68.1%
Terry Allen
64.2%
Terry Allen
64.2%
Terry Allen
64.2%
Terry Allen
64.2%
Gaston Green
58.1%
Harold Green
58.1%
Christian Okoye
57.3%
Anthony Johnson
56.5%
Dorsey Levens
55.9%
Natrone Means
54.7%
Duce Staley
49.8%
Running Back
% Correct
Harvey Williams
49.5%
Barry Foster
47%
Charlie Garner
42.8%
Rodney Hampton
42.6%
Rodney Hampton
42.6%
Rodney Hampton
42.6%
Rodney Hampton
42.6%
Rodney Hampton
42.6%
Chris Warren
41.8%
Chris Warren
41.8%
Chris Warren
41.8%
Earnest Byner
41%
Earnest Byner
39.6%
Lorenzo White
39.1%
Marion Butts
36.1%
Marion Butts
36.1%
Napoleon Kaufman
32.8%
James Brooks
31.1%
Reggie Brooks
31.1%
Barry Word
27.3%
Errict Rhett
27.1%
Errict Rhett
27.1%
Randall Cunningham
26.3%
Bobby Humphrey
22%
Adrian Murrell
21%
Cleveland Gary
17%
Reggie Cobb
13.7%
Erric Pegram
13%
Leonard Russell
12.1%
Leonard Russell
12.1%
Ronald Moore
11.6%
Mark Higgs
6.3%
Quiz Playlist
Details
Report
Send in Message
Add To Playlist
Classic:
Type in answers that appear in a list
Quiz Source
Last Updated: Feb 16, 2017
Quiz Scoreboard
CHALLENGE
Sign Up to Join the Scoreboard
Show All
Scores
Hide
Comments
May contain spoilers
Recently Published
Click the 1999 NBA Draft
by nibperrychub
Sports
2m
Alphabetical 'K' Countries by Flag Minefield
by ylime102
Geography
3m
Pick 6: Fruits
by JohnFran
Miscellaneous
15s
More to Explore
Quiz From the Vault
Featured Blog Post
15 Basketball Trivia Facts You Can Be March Mad About
hide this ad
You Might Also Like...
Tags
NFL Quiz
1990
Running
Rushing
Rushing Yards
team
Yard
Today's Top Quizzes in Sports
Browse Sports
hide this ad
Today's Top Quizzes in NFL
Browse NFL
Top Contributed Quizzes in Sports
1
Les joueurs à 100 buts en Ligue 1 Uber Eats
2
Pick 6: NFL Teams
3
MLB 2 truths and a lie: Hall of Fame pitchers
4
Criteria MLB: Left Handed Sluggers
5
2022 World Cup Stars
6
Don't Strike Out: 3000 Strikeouts
7
Millionaire: NBA Finals Edition
8
Pick 6: Minor League Baseball
9
Click the 1998 NBA Draft
10
Pick 6: Olympics
Explore More
Trending Topics
Disney
Marvel
Kpop
Anime
NBA
Harry Potter
Crossword
The Office
WWE
NFL
Puzzle
Pokémon
Song
Country
Soccer
hide this ad
More By:
johnmadden
Quiz
Plays
Rating
Category
Featured
Created
Opening Day Lineups: Pirates
77,184
4.28
Sports
Oct 18, 2009
MLB World Series Game 1 Starters
37,560
4.68
Sports
Oct 21, 2009
MLB 30+ Home Run Hitters in 2000's
5,477
4.12
Sports
Nov 6, 2009
NFL 1990's Rushing Yards Leaders
5,009
4.32
Sports
Nov 9, 2009
MLB 30+ HR Hitters in the 1990's
3,749
4.57
Sports
Nov 8, 2009
Go to Creator's Profile
Score Distribution
Quiz Creator Spotlight
johnmadden
Follow
Send a Message
Quizzes Created
-
Created Quiz Play Count
-
More By This Creator
Popular Quizzes Today
1
Countries of Asia Without Outlines Minefield
2
Find the US States - No Outlines Minefield
3
Pick 6: Fruits
4
Alphabetical 'K' Countries by Flag Minefield
5
The Countries of the World
6
Find the US States
7
US States
8
Match the Book to the Film X
More Sports Quizzes
NBA 21 and Under All-Stars
Published
Trending Quizzes
Pick 6: Mountains
Pick 6: Harry Potter
Pick 6: NFL Teams
Pick 6: Movie Franchises
Pick 6: Golfers
Recently Updated
NWSL Teams
pecheneg
Women's Final Four Teams by Year
bhenderson79
Presidents Quartet II
eogle
Anything But Clue(do)
eogle
Anything But Oceanian Capitals
eogle
Anything But 7
eogle
Anything But Thing
eogle
Word Ladder: February 29
pecheneg
Song Title Questions
pecheneg
Women's NCAA Tournament #1 Seeds
pecheneg
Trending Topics
Marvel
NBA
Harry Potter
Anime
Crossword
Disney
Kpop
Puzzle
The Office
NFL
Country
Song
Soccer
WWE
Pokémon
Your Account Isn't Verified!
In order to create a playlist on Sporcle, you need to verify the email address you used during registration. Go to your
Sporcle Settings
to finish the process.
Report this User
Report this user for behavior that violates our
Community Guidelines
.
Details:
Send Report
Go to the Sporcle.com Mobile Site →
Comments